Az engedettlen nyuszi

Bibliographic Details
Main Author: Ordódy, Katalin, 1918-2000 (Author)
Format: Article
Language:Hungarian
PhysicalDescription:Obr. 3.
Subjects:

MARC

LEADER 00000nab a2200000 a 4500
001 vtls000306651
003 SK-MaSNL
005 20260302214801.0
008 160202c1988 xo 0 hun
015 |a SNBRB19rr/mm-uuuuu 
035 |a CL0316770 
040 |a SNKBUCL  |b slo  |c SNKBUCL  |e AACR2 
041 0 |a hun 
044 |a xo  |c SK 
080 |a 894.511 (437)-1(087.5)=945.11  |2 1981 
100 1 |a Ordódy, Katalin,  |d 1918-2000  |4 aut  |9 13797 
245 1 3 |a Az engedettlen nyuszi  |c Katalin Ordódy 
300 |b Obr. 3. 
650 0 7 |a naratívne básne  |2 snkbucl  |9 56217 
655 7 |a články z novín a časopisov  |2 snkbucl  |9 267496 
655 7 |a články z odboru literárna veda a krásna literatúra  |2 snkbucl  |9 770045 
773 0 |t Kis építő  |g Roč. 36, č. 14 (1987/1988), s. 6-7 
850 |a Slovenská národná knižnica v Martine  |a MTA001 
852 |a SNK  |b KIS3GCP 
958 |a RK 
958 |a HU 
958 |a LX 
992 |a RBX 
999 |c 1499521  |d 1501451